Same Word, Different Movies III Quiz Stats

Quiz Updated Jul 18, 2017

Challenge
Share
Tweet
Embed
Score 0/48 Timer 09:00
2 Plays Today
Word Movies % Correct
MeanMean Girls
93.6%
BackBack to the Future
88.7%
DayGroundhog Day
85.2%
AirCon Air
84.9%
Mr.Mr. & Mrs. Smith
82.1%
AirAir Force One
81%
NightSaturday Night Fever
77.9%
NightNight at the Museum
75.8%
BackStar Wars: Episode V - The Empire Strikes Back
73.3%
DayFerris Bueller's Day Off
71.2%
LastThe Last of the Mohicans
69.1%
LoveLove Actually
67.8%
LifeLife of Brian
67.4%
AirUp in the Air
66.3%
JohnJohn Wick
66%
EvilResident Evil
64.1%
EvilThe Evil Dead
58.5%
NightA Hard Day's Night
58.4%
Mr.Mr. Smith Goes to Washington
55.8%
LastThe Last Samurai
51.5%
LifeLife Is Beautiful
50.3%
Mr.The Talented Mr. Ripley
49.8%
ParisMidnight in Paris
49.4%
DayTraining Day
48.7%
Word Movies % Correct
LastSave the Last Dance
45.2%
MeanMean Streets
44.1%
JohnDear John
43.8%
NightIn the Heat of the Night
42.7%
DayThe Day After Tomorrow
41.5%
JohnJohn Q.
41.2%
ParisLast Tango in Paris
40.9%
LoveCrazy, Stupid, Love.
38.4%
LoveI Love You, Man
37.8%
BackJay and Silent Bob Strike Back
36.3%
LovePunch-Drunk Love
36.1%
LifeThe Life Aquatic with Steve Zissou
34.3%
JohnBeing John Malkovich
33.9%
ParisAn American in Paris
33.7%
AirAir America
28.9%
EvilSee No Evil, Hear No Evil
27.8%
BackHow Stella Got Her Groove Back
27.2%
LifeThe Tree of Life
24.8%
MeanMean Machine
19.7%
Mr.Fantastic Mr. Fox
16.5%
ParisFrom Paris with Love
16.5%
LastThe Last Witch Hunter
13.9%
EvilTouch of Evil
12.7%
MeanMean Creek
3.7%

You're not logged in!

Compare scores with friends on all Sporcle quizzes.
Sign Up with Email
OR
Log In

You Might Also Like...

Show Comments

Extras

Top Quizzes Today


Score Distribution

Your Account Isn't Verified!

In order to create a playlist on Sporcle, you need to verify the email address you used during registration. Go to your Sporcle Settings to finish the process.